Pays d'Europe neutres lors de la Seconde Guerre mondiale - Mort Subite - Statistiques

Statistiques générales
  • Ce quiz a été pris 254 fois
  • Le résultat moyen est 4 sur 8
Answers on the Grid
Answers color-coded by a green-red scale on the quiz's grid according to % correct below.
Albanie
Andorre
Belgique
Danemark
Espagne
Grèce
Irlande
Liechtenstein
Luxembourg
Norvège
Pays-Bas
Portugal
Saint-Marin
Suède
Suisse
Vatican
 
Statistiques - réponses
Réponse % Correct
Suisse
80%
Vatican
58%
Andorre
51%
Espagne
44%
Liechtenstein
37%
Portugal
33%
Suède
28%
Irlande
25%
Aucun quiz correspondant
Distribution des résultats
% des personnes avec chaque résultat
Percentile par nombre de réponses
Votre historique - résultats
Vous n’avez pas pris ce quiz